[Event "Moscow RUS"]
[Site "?"]
[Date "1973.10.08"]
[Round "6"]
[White "Kortschnoj Viktor"]
[Black "Karpov Anatoly"]
[Result "0-1"]
[WhiteElo "2650"]
[BlackElo "2660"]
[PlyCount "88"]
[EventDate "1973.??.??"]
[Source "www.chesslib.no"]
[SourceDate "2004.05.04"]

1. Nf3 Nf6 2. g3 b5 3. c3 Bb7 4. a4 a6 5. e3 Nc6 6. d4 e6 7. b4 Be7 8. Nbd2 Na7 9. Bd3 O-O 10. e4 d6 11. O-O c5 12. bxc5 dxc5 13. Bb2 Nc6 14. e5 Nd5 15. axb5 axb5 16. Qb1 cxd4 17. cxd4 h6 18. Bxb5 Qb6 19. Be2 Rxa1 20. Bxa1 Qa7 21. Nc4 Rb8 22. Bb2 Ba6 23. Qc2 Qb7 24. Ba1 Ncb4 25. Qd2 Rc8 26. Ne3 Nxe3 27. Qxe3 Bxe2 28. Qxe2 Rc2 29. Qd1 Qc6 30. h3 Nd5 31. Qd3 Qa4 32. Nd2 Ra2 33. Nb3 Nb4 34. Qb1 Nd5 35. Rc1 Qa8 36. Rc8+ Qxc8 37. Qxa2 Qc4 38. Qb1 Qe2 39. Qc1 Bg5 40. Qf1 Qf3 41. h4 Ne3 42. Nd2 Qd5 43. fxe3 Bxe3+ 44. Kh2 Bxd2 0-1

[Event "Europa ch 2008"]
[Site "Plovdiv BUL"]
[Date "2008.04.30"]
[Round "9.27"]
[White "Roiz, Michael"]
[Black "Aleksandrov, Aleksej"]
[Result "1-0"]
[WhiteElo "2659"]
[BlackElo "2582"]
[PlyCount "91"]
[EventDate "2008.04.21"]
[Source "www.chesslib.no"]
[SourceDate "2004.05.04"]

1. Nf3 Nf6 2. g3 b5 3. Bg2 Bb7 4. O-O e6 5. d3 d6 6. c3 Nbd7 7. a4 a6 8. Na3 c6 9. Bd2 d5 10. b4 Be7 11. Nd4 bxa4 12. Qxa4 a5 13. b5 Nc5 14. Qc2 cxb5 15. Naxb5 O-O 16. Rfb1 a4 17. c4 Qd7 18. Bb4 Rfc8 19. Ra2 dxc4 20. dxc4 Bxg2 21. Kxg2 Nfe4 22. Rd1 e5 23. Nf3 Qe6 24. Rd5 f6 25. Ne1 Rab8 26. Bxc5 Nxc5 27. e4 h5 28. h4 Ra8 29. Nc3 Qa6 30. Qe2 g6 31. Rd1 Bf8 32. Nc2 Qe6 33. Ne3 Ra6 34. Ned5 Qf7 35. Rda1 Rca8 36. Nb5 Rc8 37. Nbc3 Rca8 38. Rb1 Nb3 39. Rxa4 Rxa4 40. Nxa4 Nd4 41. Qd1 f5 42. Rb6 Ne6 43. exf5 gxf5 44. Rc6 Kh7 45. Nab6 Re8 46. Nf6+ 1-0

[Event "LXVI Campionato georgiano"]
[Site "Tbilisi GEO"]
[Date "2007.03.22"]
[Round "8"]
[White "Pantsulaia, L."]
[Black "Giorgadze, G1."]
[Result "1/2-1/2"]
[WhiteElo "2612"]
[BlackElo "2610"]
[PlyCount "46"]
[EventDate "2007.03.14"]
[Source "www.chesslib.no"]
[SourceDate "2004.05.04"]

1. Nf3 Nf6 2. g3 b5 3. Bg2 Bb7 4. b3 e5 5. d3 Bb4+ 6. c3 Be7 7. O-O d6 8. a4 a6 9. Na3 O-O 10. Rb1 c6 11. b4 Nbd7 12. c4 Rb8 13. d4 e4 14. Nd2 bxc4 15. Ndxc4 Ba8 16. Bf4 Nd5 17. Bd2 N7f6 18. f3 exf3 19. Bxf3 Nc7 20. Na5 d5 21. Qc2 Ne6 22. Qd3 Ne4 23. Be1 f5 1/2-1/2

[Event "2nd IECC, Ohrid MKD"]
[Site "?"]
[Date "2001.??.??"]
[Round "5"]
[White "Vaganian, R."]
[Black "Luther, T."]
[Result "1/2-1/2"]
[WhiteElo "2640"]
[BlackElo "2565"]
[PlyCount "202"]
[EventDate "2001.??.??"]
[Source "www.chesslib.no"]
[SourceDate "2004.05.04"]

1. Nf3 Nf6 2. g3 b5 3. Bg2 Bb7 4. Na3 a6 5. c4 e5 6. b3 e4 7. Nh4 d5 8. O-O g5 9. Nf5 Qd7 10. Nd4 dxc4 11. Ndc2 cxb3 12. axb3 Bg7 13. Bb2 Nc6 14. f3 exf3 15. Rxf3 Nh5 16. Rd3 Qc8 17. Bxg7 Nxg7 18. Re3+ Ne7 19. Qf1 f5 20. Nd4 Rf8 21. Nc6 Rf7 22. Bd5 Kf8 23. Rxe7 Rxe7 24. Nxe7 Kxe7 25. Qf3 Bxd5 26. Qxd5 Qd8 27. Qe5+ Ne6 28. e3 Qh8 29. Qxh8 Rxh8 30. Nc2 Rd8 31. d4 c5 32. Rxa6 cxd4 33. exd4 Nxd4 34. Na3 Rd6 35. Ra5 Rd5 36. Kf2 f4 37. Ra7+ Rd7 38. Ra5 Rd5 39. Ra7+ Kf6 40. gxf4 gxf4 41. Rxh7 Nxb3 42. Kf3 b4 43. Nc2 Nd2+ 44. Kxf4 b3 45. Na3 Ra5 46. Ke3 Nf1+ 47. Kd3 Rxa3 48. Rb7 Nxh2 49. Kc3 Ng4 50. Rxb3 Ra8 51. Rb5 Ne5 52. Kd4 Ra4+ 53. Kd5 Ng6 54. Rb6+ Kf5 55. Rb5 Nf4+ 56. Kd6+ Kf6 57. Rb1 Rd4+ 58. Kc5 Rd8 59. Rf1 Kf5 60. Kc4 Rd2 61. Kc5 Ke5 62. Re1+ Ne2 63. Kc6 Ra2 64. Kd7 Kd5 65. Ke7 Nc3 66. Kf7 Rf2+ 67. Ke7 Ra2 68. Kf7 Ra6 69. Kg7 Ne4 70. Rd1+ Ke5 71. Re1 Ra7+ 72. Kg6 Re7 73. Rf1 Re6+ 74. Kg7 Kd6 75. Ra1 Nc5 76. Kf7 Re2 77. Rd1+ Ke5 78. Ke7 Ne4 79. Kd7 Rc2 80. Re1 Rc3 81. Kd8 Rh3 82. Kd7 Rh6 83. Kc7 Kd5 84. Rd1+ Kc4 85. Rc1+ Nc3 86. Kd7 Kd4 87. Rg1 Ne2 88. Rd1+ Kc5 89. Ke7 Nc3 90. Rc1 Kd4 91. Kf7 Nd5 92. Kg7 Ra6 93. Kf7 Ne3 94. Re1 Nd5 95. Rd1+ Ke5 96. Re1+ Kf5 97. Rf1+ Nf4 98. Ke7 Ra7+ 99. Kd6 Ra6+ 100. Kd7 Rh6 101. Ke7 Ke5 1/2-1/2

[Event "Soviet Union"]
[Site "Soviet Union"]
[Date "1980.??.??"]
[Round "?"]
[White "Romanishin, Oleg M"]
[Black "Petrosian, Tigran V"]
[Result "1/2-1/2"]
[WhiteElo "2580"]
[BlackElo "2615"]
[PlyCount "43"]
[EventDate "1980.??.??"]
[Source "www.chesslib.no"]
[SourceDate "2004.05.04"]

1. Nf3 Nf6 2. g3 b5 3. Bg2 Bb7 4. O-O e6 5. d3 Be7 6. e4 d6 7. Na3 a6 8. c4 c6 9. e5 dxe5 10. Nxe5 Qc8 11. d4 O-O 12. Be3 Nbd7 13. Rc1 c5 14. Nxd7 Nxd7 15. cxb5 Bxg2 16. Kxg2 Qb7+ 17. Qf3 Qxf3+ 18. Kxf3 cxd4 19. Bxd4 Bxa3 20. bxa3 axb5 21. Rc3 Ra4 22. Rd1 1/2-1/2

[Event "Herford op"]
[Site "Herford"]
[Date "2000.06.25"]
[Round "8"]
[White "Podzielny, Karl Heinz"]
[Black "Epishin, Vladimir"]
[Result "1-0"]
[WhiteElo "2506"]
[BlackElo "2667"]
[PlyCount "91"]
[EventDate "2000.06.24"]
[Source "ChessBase"]
[SourceDate "2000.07.11"]

1. Nf3 Nf6 2. g3 b5 3. Bg2 Bb7 4. O-O e6 5. a4 b4 6. d3 d5 7. Nbd2 Nbd7 8. a5 Rb8 9. b3 g6 10. Bb2 Bg7 11. Re1 O-O 12. Qc1 Qe7 13. e4 dxe4 14. dxe4 Rfd8 15. e5 Nd5 16. Nc4 Ba6 17. Re4 Nc3 18. Bxc3 bxc3 19. Qe1 Rb4 20. Qxc3 Bxc4 21. bxc4 Rdb8 22. Rd1 Rb1 23. Ree1 Rxd1 24. Rxd1 c5 25. h4 h6 26. Qe3 Rd8 27. Qe4 Nf8 28. Rb1 Qc7 29. a6 Qa5 30. Qb7 Rd7 31. Qc8 Qa2 32. Rb8 Rd1+ 33. Kh2 Qxc4 34. Ra8 Qxc2 35. Rxa7 Ra1 36. Rc7 Ra2 37. Qe8 Qf5 38. a7 g5 39. a8=Q Rxa8 40. Qxa8 g4 41. Nd2 Qxe5 42. Rc8 f5 43. Qc6 Qe2 44. Nf1 Qxf2 45. Qxe6+ Kh7 46. Qf7 1-0

[Event "Teeside"]
[Site "Teeside"]
[Date "1972.??.??"]
[Round "1"]
[White "Larsen, Bent"]
[Black "Ljubojevic, Ljubomir"]
[Result "1-0"]
[WhiteElo "2660"]
[BlackElo "2510"]
[PlyCount "79"]
[EventDate "1972.??.??"]
[Source "ChessBase"]

1. Nf3 Nf6 2. g3 b5 3. Bg2 Bb7 4. Na3 a6 5. c4 b4 6. Nc2 e6 7. O-O c5 8. b3 Be7 9. Bb2 O-O 10. d4 d6 11. Ne3 Nbd7 12. d5 exd5 13. cxd5 Nb6 14. Qd3 Nfxd5 15. Nf5 Bf6 16. Bxf6 Qxf6 17. e4 g6 18. Nh6+ Kg7 19. Qd2 Nc3 20. Ng4 Qe7 21. Rfe1 f6 22. e5 dxe5 23. Nfxe5 fxe5 24. Rxe5 Qf7 25. Rae1 Nbd5 26. Bxd5 Nxd5 27. Qb2 Nc3 28. Re7 Rad8 29. Rxf7+ Kxf7 30. Qc1 Rd1 31. Qf4+ Kg8 32. Qe5 Rxe1+ 33. Qxe1 Be4 34. Qd2 h5 35. Ne5 Re8 36. Qd6 Nxa2 37. g4 c4 38. Qf6 Rf8 39. Qxa6 c3 40. Qc4+ 1-0

[Event "Mind Sports Games - Blitz Ind"]
[Site "Pechino CINA"]
[Date "2008.10.04"]
[Round "11"]
[White "Nguyen Ngoc Truong Son"]
[Black "Bartel, Mat"]
[Result "0-1"]
[WhiteElo "2567"]
[BlackElo "2602"]
[PlyCount "86"]
[EventDate "2008.10.04"]
[Source "www.chesslib.no"]
[SourceDate "2004.05.04"]

1. Nf3 Nf6 2. g3 b5 3. Bg2 Bb7 4. O-O e6 5. d3 d5 6. Nbd2 c5 7. c3 Nc6 8. e4 Be7 9. Re1 Qb6 10. a4 a6 11. axb5 axb5 12. Rxa8+ Bxa8 13. Nf1 O-O 14. e5 Nd7 15. d4 b4 16. h4 Bb7 17. Ne3 Ra8 18. Bh3 Nf8 19. Ng4 Ra1 20. Kh2 Ba6 21. Qd2 h6 22. h5 Nh7 23. Nxh6+ gxh6 24. Qxh6 Bf8 25. Qf4 Qd8 26. g4 bxc3 27. bxc3 cxd4 28. g5 Bd3 29. g6 fxg6 30. Rg1 Bg7 31. hxg6 Nf8 32. Qf7+ Kh8 33. Bg5 Nxe5 34. Nxe5 Bxe5+ 35. f4 Ra2+ 36. Kh1 Be4+ 37. Bg2 Bxg6 38. Bxd8 Bxf7 39. fxe5 dxc3 40. Bf6+ Kh7 41. Bf1 Ng6 42. Bd3 Rd2 43. Rg3 c2 0-1

[Event "IX Open"]
[Site "Dubai EAU"]
[Date "2007.04.26"]
[Round "5"]
[White "Pantsulaia, L."]
[Black "Anastasian, A."]
[Result "1/2-1/2"]
[WhiteElo "2616"]
[BlackElo "2552"]
[PlyCount "53"]
[EventDate "2007.04.22"]
[Source "www.chesslib.no"]
[SourceDate "2004.05.04"]

1. Nf3 Nf6 2. g3 b5 3. Bg2 Bb7 4. b3 c5 5. c4 bxc4 6. bxc4 e6 7. Nc3 Nc6 8. O-O Be7 9. e4 Ng4 10. Rb1 Rb8 11. d4 cxd4 12. Nxd4 Nge5 13. Bf4 Bf6 14. Nxc6 Bxc6 15. Qd6 Rxb1 16. Rxb1 Nxc4 17. Qc5 Nb6 18. Nd5 exd5 19. exd5 Be7 20. Bd6 Nc8 21. Bxe7 Qxe7 22. Qc3 O-O 23. dxc6 dxc6 24. Qxc6 Nb6 25. Rc1 g6 26. Qb7 Qa3 27. Rc2 1/2-1/2

[Event "Mind Sports Games - Rapid Team"]
[Site "Pechino CINA"]
[Date "2008.10.16"]
[Round "8"]
[White "Ruck, R1."]
[Black "Drozdovskij, Y."]
[Result "1/2-1/2"]
[WhiteElo "2574"]
[BlackElo "2587"]
[PlyCount "35"]
[EventDate "2008.10.14"]
[Source "www.chesslib.no"]
[SourceDate "2004.05.04"]

1. Nf3 Nf6 2. g3 b5 3. Bg2 Bb7 4. O-O e6 5. b3 c5 6. c4 a6 7. Nc3 Qa5 8. Bb2 Be7 9. e3 d6 10. Qe2 bxc4 11. bxc4 Nbd7 12. d3 O-O 13. Rab1 Rab8 14. Ba1 Ba8 15. Qc2 h6 16. Rxb8 Rxb8 17. Rb1 Rxb1+ 18. Qxb1 1/2-1/2

[Event "Solin 6th"]
[Site "?"]
[Date "1998.??.??"]
[Round "6"]
[White "Dizdarevic Emir"]
[Black "Giorgadze Giorgi"]
[Result "1/2-1/2"]
[WhiteElo "2540"]
[BlackElo "2605"]
[PlyCount "48"]
[EventDate "1998.??.??"]
[Source "www.chesslib.no"]
[SourceDate "2004.05.04"]

1. Nf3 Nf6 2. g3 b5 3. Bg2 Bb7 4. O-O c5 5. d3 Nc6 6. e4 d6 7. e5 dxe5 8. a4 b4 9. Nxe5 Rc8 10. Nd2 e6 11. Ndc4 Be7 12. Re1 O-O 13. b3 Nd5 14. Bb2 Nd4 15. f4 Qc7 16. Qd2 Nf6 17. Rf1 Bd5 18. Rae1 Rfd8 19. Bxd5 exd5 20. Ne3 Bf8 21. Qg2 g6 22. Nf3 Nxf3+ 23. Qxf3 d4 24. Nc4 Nd5 1/2-1/2

[Event "Dresden zt"]
[Site "Dresden"]
[Date "1998.??.??"]
[Round "8"]
[White "Dizdarevic, Emir"]
[Black "Wahls, Matthias"]
[Result "0-1"]
[WhiteElo "2540"]
[BlackElo "2605"]
[PlyCount "70"]
[EventDate "1998.04.28"]
[Source "ChessBase"]
[SourceDate "1998.08.06"]

1. Nf3 Nf6 2. g3 b5 3. Bg2 Bb7 4. O-O e6 5. d3 Be7 6. e4 d6 7. a4 b4 8. c3 Nc6 9. a5 bxc3 10. bxc3 Rb8 11. Re1 a6 12. d4 Na7 13. Qc2 O-O 14. c4 d5 15. e5 Ne4 16. c5 Nc6 17. Nbd2 f6 18. exf6 Bxf6 19. Ra4 Ba8 20. Bb2 Qe8 21. Ba1 Nb4 22. Qd1 Nd3 23. Rf1 Nb2 24. Bxb2 Rxb2 25. Nxe4 dxe4 26. Ne1 Bc6 27. Ra3 Bb5 28. Bxe4 Be2 29. Qc1 Bxd4 30. Nf3 Bxf1 31. Nxd4 Rfxf2 32. Nc2 Rbxc2 33. Bxc2 Qh5 34. Bxh7+ Kxh7 35. Qb1+ g6 0-1

[Event "ROM-chT"]
[Site "?"]
[Date "2000.??.??"]
[Round "5"]
[White "Badea Bela"]
[Black "Van Wely Loek"]
[Result "0-1"]
[WhiteElo "2486"]
[BlackElo "2646"]
[PlyCount "82"]
[EventDate "2000.??.??"]
[Source "www.chesslib.no"]
[SourceDate "2004.05.04"]

1. Nf3 Nf6 2. g3 b5 3. Bg2 Bb7 4. O-O c5 5. d3 g6 6. e4 d6 7. Ng5 h6 8. Nh3 Nbd7 9. f4 Bg7 10. c3 e5 11. Be3 exf4 12. gxf4 O-O 13. Nd2 Re8 14. Re1 a5 15. Nf2 Qc7 16. Nf1 c4 17. dxc4 bxc4 18. Ng3 a4 19. Bd4 Ra5 20. Qc2 Nc5 21. Rad1 Ne6 22. Be3 a3 23. f5 Nc5 24. fxg6 fxg6 25. e5 Rxe5 26. Bxb7 Nxb7 27. Qxg6 axb2 28. Bd4 Rxe1+ 29. Rxe1 Rg5 30. Qb1 d5 31. Bxf6 Bxf6 32. Qxb2 Be5 33. Qb5 Kg7 34. Kf1 Nd6 35. Qxd5 Bxc3 36. Qd1 Bxe1 37. Kxe1 Qe7+ 38. Kf1 Qe5 39. Qc2 h5 40. Qd2 h4 41. Ne2 Rf5 0-1

[Event "Dhaka"]
[Site "?"]
[Date "1995.??.??"]
[Round "?"]
[White "Conquest, S."]
[Black "Krasenkov, M."]
[Result "1/2-1/2"]
[WhiteElo "2520"]
[BlackElo "2575"]
[PlyCount "78"]
[EventDate "1995.??.??"]
[Source "ChessBase"]
[SourceDate "1995.02.01"]

1. Nf3 Nf6 2. g3 b5 3. Bg2 Bb7 4. O-O e6 5. d3 d6 6. e4 Nbd7 7. Nc3 b4 8. Ne2 c5 9. h3 Be7 10. g4 h6 11. a3 a5 12. Ng3 Qc7 13. Qe2 Ne5 14. Nxe5 dxe5 15. f4 Nd7 16. f5 g6 17. fxe6 fxe6 18. Be3 bxa3 19. b3 Nb8 20. Rxa3 Nc6 21. Ra4 Nd4 22. Qd2 Bc6 23. Ra2 h5 24. gxh5 gxh5 25. Kh2 h4 26. Nh1 Kd7 27. Nf2 Raf8 28. Rxa5 Nxc2 29. Bxc5 Bxc5 30. Rxc5 Nd4 31. Qg5 Rhg8 32. Qxh4 Kd6 33. Rfc1 Qf7 34. Ng4 Qf4+ 35. Qg3 Rxg4 36. hxg4 Rh8+ 37. Bh3 Nf3+ 38. Kg2 Nh4+ 39. Kh2 Nf3+ 1/2-1/2

[Event "ROM-chT"]
[Site "?"]
[Date "1998.??.??"]
[Round "1"]
[White "Ionescu Constantin"]
[Black "Nisipeanu Liviu Dieter"]
[Result "1/2-1/2"]
[WhiteElo "2515"]
[BlackElo "2575"]
[PlyCount "22"]
[EventDate "1998.??.??"]
[Source "www.chesslib.no"]
[SourceDate "2004.05.04"]

1. Nf3 Nf6 2. g3 b5 3. Bg2 Bb7 4. Na3 b4 5. Nc4 a5 6. d4 e6 7. O-O Be7 8. a3 O-O 9. axb4 axb4 10. Rxa8 Bxa8 11. c3 Qc8 1/2-1/2

[Event "It (Open) Erandio ESP"]
[Site "?"]
[Date "2005.12.22"]
[Round "8"]
[White "Paunovic Dragan"]
[Black "Epishin Vladimir"]
[Result "1/2-1/2"]
[WhiteElo "2514"]
[BlackElo "2574"]
[PlyCount "38"]
[EventDate "2005.??.??"]
[Source "www.chesslib.no"]
[SourceDate "2004.05.04"]

1. Nf3 Nf6 2. g3 b5 3. Bg2 Bb7 4. O-O c5 5. d3 e6 6. e4 d6 7. a4 b4 8. Nbd2 Be7 9. Ng5 Nc6 10. f4 O-O 11. Nh3 d5 12. e5 Nd7 13. Nf2 Qc7 14. Re1 Rfd8 15. Nf3 Nd4 16. c3 Nxf3+ 17. Qxf3 Rab8 18. Qe2 bxc3 19. bxc3 Nf8 1/2-1/2

[Event "Corte Ingles op"]
[Site "?"]
[Date "1998.??.??"]
[Round "?"]
[White "Barlov Dragan"]
[Black "Epishin Vladimir"]
[Result "0-1"]
[WhiteElo "2490"]
[BlackElo "2590"]
[PlyCount "84"]
[EventDate "1998.??.??"]
[Source "www.chesslib.no"]
[SourceDate "2004.05.04"]

1. Nf3 Nf6 2. g3 b5 3. Bg2 Bb7 4. c3 Na6 5. O-O e6 6. d3 d5 7. b4 c6 8. Nbd2 Be7 9. Nb3 O-O 10. Na5 Qc8 11. Bg5 Nb8 12. Nd2 Nbd7 13. d4 e5 14. e3 h6 15. Bxf6 Bxf6 16. a4 a6 17. Ndb3 Qc7 18. Bh3 Bc8 19. Bg2 e4 20. f3 exf3 21. Qxf3 Be7 22. axb5 axb5 23. e4 Ra6 24. exd5 cxd5 25. Qd3 Nf6 26. Nc5 Rb6 27. Nab3 h5 28. Nd2 h4 29. gxh4 Nh5 30. Qf3 Rh6 31. Rfe1 Bd6 32. Nf1 Nf4 33. Ng3 Qd8 34. h5 Qh4 35. Nd3 Bg4 36. Qe3 Nxg2 37. Kxg2 Rxh5 38. Rh1 Bh3+ 39. Kg1 Rg5 40. Kf2 Bf5 41. Ne5 Be4 42. Rhg1 f6 0-1

[Event "Yerevan"]
[Site "Yerevan"]
[Date "1980.??.??"]
[Round "8"]
[White "Romanishin, Oleg M"]
[Black "Vadasz, Laszlo"]
[Result "1/2-1/2"]
[WhiteElo "2580"]
[BlackElo "2500"]
[PlyCount "49"]
[EventDate "1980.06.??"]
[Source "ChessBase"]

1. Nf3 Nf6 2. g3 b5 3. Bg2 Bb7 4. O-O e6 5. d3 c5 6. e4 d6 7. a4 a6 8. d4 Nbd7 9. Re1 Bxe4 10. Nc3 d5 11. axb5 axb5 12. Rxa8 Qxa8 13. Nxb5 Qa5 14. c4 dxc4 15. Nc3 Bxf3 16. Bxf3 cxd4 17. Qxd4 Qc5 18. Qd1 Be7 19. Ne4 Nxe4 20. Rxe4 Qb5 21. Be2 Nb6 22. Qd4 O-O 23. Bxc4 Nxc4 24. Qxc4 Qb7 25. Qc2 1/2-1/2

[Event "Elista (ol) 73/1"]
[Site "?"]
[Date "1998.??.??"]
[Round "?"]
[White "Gadjilu, Rauf"]
[Black "Giorgadze, Giorgi"]
[Result "0-1"]
[WhiteElo "2465"]
[BlackElo "2610"]
[PlyCount "76"]
[EventDate "1998.??.??"]
[Source "ChessBase"]
[SourceDate "1998.06.01"]

1. Nf3 Nf6 2. g3 b5 3. Bg2 Bb7 4. O-O e6 5. d3 Be7 6. e4 d6 7. Ne1 Nfd7 8. f4 c5 9. Be3 Nc6 10. Nc3 b4 11. Ne2 Nb6 12. c3 O-O 13. Nf3 a5 14. g4 a4 15. a3 bxc3 16. bxc3 Na5 17. Nd2 Rb8 18. g5 d5 19. e5 d4 20. cxd4 Bxg2 21. Kxg2 Nd5 22. Bg1 cxd4 23. Nxd4 Rb2 24. Kg3 Bxg5 25. Ne4 Bh6 26. Qg4 Nb3 27. Nxb3 Rxb3 28. Nc5 Rc3 29. Bd4 Rc2 30. Rf3 Ne7 31. Bf2 Nf5+ 32. Kh3 Nd4 33. Ne4 Nxf3 34. Qxf3 Qd5 35. Rg1 Kh8 36. Bh4 Qa2 37. Nf2 g6 38. Bf6+ Bg7 0-1

[Event "ROM Ch"]
[Site "?"]
[Date "2005.12.06"]
[Round "11"]
[White "Badea Bela"]
[Black "Parligras Mircea"]
[Result "1/2-1/2"]
[WhiteElo "2492"]
[BlackElo "2577"]
[PlyCount "25"]
[EventDate "2005.??.??"]
[Source "www.chesslib.no"]
[SourceDate "2004.05.04"]

1. Nf3 Nf6 2. g3 b5 3. c3 Bb7 4. a4 a6 5. axb5 axb5 6. Rxa8 Bxa8 7. Qb3 Bxf3 8. exf3 c6 9. d4 e6 10. Bd3 d5 11. f4 Nbd7 12. Nd2 Be7 13. Nf3 1/2-1/2

[Event "60th ch-RUS Higher League"]
[Site "Krasnoyarsk RUS"]
[Date "2007.09.04"]
[Round "2"]
[White "Maletin, P."]
[Black "Zablotsky, S."]
[Result "1/2-1/2"]
[WhiteElo "2567"]
[BlackElo "2498"]
[PlyCount "56"]
[EventDate "2007.09.03"]
[Source "www.chesslib.no"]
[SourceDate "2004.05.04"]

1. Nf3 Nf6 2. g3 b5 3. Na3 a6 4. c4 c6 5. Bg2 d5 6. b3 e6 7. O-O Bd6 8. d4 O-O 9. Nc2 Nbd7 10. a4 bxc4 11. bxc4 a5 12. Nce1 dxc4 13. Nd2 Ba6 14. Bxc6 Rc8 15. Bb5 Bxb5 16. axb5 Qb6 17. Qa4 Bb4 18. Nc2 Nd5 19. Nb1 e5 20. Ba3 exd4 21. Bxb4 axb4 22. Nxb4 Qc5 23. Nc6 Rfe8 24. Qd1 Re4 25. Nd2 Re6 26. Nb1 Re4 27. Nd2 Re6 28. Nb1 Re4 1/2-1/2

[Event "Ubeda op 1st"]
[Site "?"]
[Date "1996.??.??"]
[Round "?"]
[White "Akopian Vladimir"]
[Black "Pogorelov Ruslan"]
[Result "1/2-1/2"]
[WhiteElo "2620"]
[BlackElo "2440"]
[PlyCount "51"]
[EventDate "1996.??.??"]
[Source "www.chesslib.no"]
[SourceDate "2004.05.04"]

1. Nf3 Nf6 2. g3 b5 3. Bg2 Bb7 4. O-O e6 5. d3 d6 6. c4 bxc4 7. dxc4 c5 8. Nc3 Be7 9. Qc2 O-O 10. Rd1 Qb6 11. a3 Nbd7 12. Bf4 Rfd8 13. b4 cxb4 14. axb4 a6 15. Na4 Qc7 16. Qb3 Rac8 17. Rac1 Nh5 18. Be3 Qb8 19. Nb6 Nxb6 20. Bxb6 Re8 21. Bd4 Nf6 22. h3 h6 23. Qb2 e5 24. Be3 Bf8 25. Qb3 Red8 26. Qb2 1/2-1/2

[Event "Espoo zt"]
[Site "Espoo"]
[Date "1989.??.??"]
[Round "?"]
[White "Karlsson, Lars"]
[Black "Olafsson, Helgi"]
[Result "1/2-1/2"]
[WhiteElo "2510"]
[BlackElo "2545"]
[PlyCount "30"]
[EventDate "1989.07.??"]
[Source "ChessBase"]

1. Nf3 Nf6 2. g3 b5 3. Bg2 Bb7 4. O-O e6 5. c3 c5 6. a4 b4 7. d3 Be7 8. e4 O-O 9. Re1 d6 10. Nbd2 Nc6 11. Nc4 d5 12. exd5 Nxd5 13. Qc2 Bf6 14. Bd2 Qc7 15. h4 Rad8 1/2-1/2

[Event "Moscow RUS"]
[Site "?"]
[Date "1996.12.03"]
[Round "6"]
[White "Vasiukov Evgeni"]
[Black "Aleksandrov Aleksej"]
[Result "1-0"]
[WhiteElo "2505"]
[BlackElo "2550"]
[PlyCount "73"]
[EventDate "1996.??.??"]
[Source "www.chesslib.no"]
[SourceDate "2004.05.04"]

1. Nf3 Nf6 2. g3 b5 3. Bg2 Bb7 4. O-O e6 5. d3 d5 6. Nbd2 Nbd7 7. e4 dxe4 8. dxe4 Nxe4 9. Nxe4 Bxe4 10. Qe2 Bc6 11. Rd1 Bd6 12. Bg5 Qc8 13. Nd4 Bxg2 14. Kxg2 h6 15. Nxe6 hxg5 16. Nxc7+ Kf8 17. Nxa8 Qxa8+ 18. Kg1 Rh6 19. Qxb5 Ne5 20. Qd5 Qc8 21. Re1 Qh3 22. Rxe5 Qxh2+ 23. Kf1 Qh3+ 24. Kg1 Qh2+ 25. Kf1 Qh3+ 26. Ke1 Kg8 27. Re8+ Kh7 28. Rd1 Rf6 29. Qe4+ g6 30. Qa8 Re6+ 31. Rxe6 Qxe6+ 32. Kf1 Be5 33. Kg2 Kg7 34. Qe4 Qf6 35. b4 Bc3 36. Rd3 Kh7 37. Qf3 1-0

[Event "Yerevan"]
[Site "Erevan ARM"]
[Date "1976.??.??"]
[Round "?"]
[White "Csom, Istvan"]
[Black "Romanishin, Oleg M"]
[Result "1/2-1/2"]
[WhiteElo "2490"]
[BlackElo "2560"]
[PlyCount "81"]
[EventDate "1976.??.??"]
[Source "www.chesslib.no"]
[SourceDate "2004.05.04"]

1. Nf3 Nf6 2. g3 b5 3. Bg2 e6 4. O-O c5 5. d3 Bb7 6. e4 d6 7. Nbd2 Nc6 8. h3 Be7 9. Nh2 Qb6 10. Kh1 d5 11. a4 dxe4 12. axb5 Qxb5 13. dxe4 Rd8 14. Re1 c4 15. f4 e5 16. c3 O-O 17. Qa4 Qxa4 18. Rxa4 Nh5 19. Ndf1 exf4 20. Bxf4 Bh4 21. Rea1 Rd3 22. Nf3 Nxf4 23. gxf4 Bf2 24. Rxc4 Rfd8 25. Kh2 Bb6 26. Rca4 f6 27. e5 fxe5 28. Nxe5 Nxe5 29. Bxb7 Nf3+ 30. Kh1 Nh4 31. Bg2 R8d6 32. f5 Nxf5 33. Rf4 Rf6 34. Rf3 Rxf3 35. Bxf3 g6 36. Bd5+ Kg7 37. b4 h5 38. Rd1 Kh6 39. c4 Bd4 40. c5 Bf2 41. Ra1 1/2-1/2

[Event "DEN Ch"]
[Site "Odense DEN"]
[Date "1994.??.??"]
[Round "8"]
[White "Larsen, Bent"]
[Black "Danielsen, Henrik"]
[Result "1/2-1/2"]
[WhiteElo "2560"]
[BlackElo "2480"]
[PlyCount "92"]
[EventDate "1994.07.??"]
[Source "www.chesslib.no"]
[SourceDate "2004.05.04"]

1. Nf3 Nf6 2. g3 b5 3. Bg2 Bb7 4. O-O e6 5. d3 d5 6. Nbd2 c5 7. b3 Be7 8. c4 a6 9. Bb2 O-O 10. Rc1 Nbd7 11. e3 dxc4 12. dxc4 Ne4 13. Nxe4 Bxe4 14. Qe2 Qb6 15. Rfd1 Qb7 16. Ne1 Bxg2 17. Nxg2 Rfd8 18. Nf4 bxc4 19. Rxc4 Nb6 20. Rcc1 Rxd1+ 21. Rxd1 Rd8 22. Rxd8+ Bxd8 23. e4 Qc8 24. Qg4 g6 25. Qd1 Be7 26. h4 f6 27. Bc3 Qc6 28. Ba5 Nd7 29. Qe2 Kf7 30. Bc3 c4 31. Qxc4 Qxc4 32. bxc4 Nb6 33. Kf1 Nxc4 34. Ke2 Bd6 35. Kd3 Na3 36. Ne2 Ke7 37. g4 Nb5 38. Bd2 Bc5 39. f4 f5 40. gxf5 exf5 41. exf5 gxf5 42. Be3 Bxe3 43. Kxe3 Nc7 44. Kd4 Kd6 45. Kc4 Ne6 46. a3 Kc6 1/2-1/2

[Event "Tel Aviv"]
[Site "Tel Aviv"]
[Date "1988.??.??"]
[Round "?"]
[White "Hickl, Joerg"]
[Black "Gruenfeld, Yehuda"]
[Result "1/2-1/2"]
[WhiteElo "2485"]
[BlackElo "2550"]
[PlyCount "27"]
[EventDate "1988.03.??"]
[Source "ChessBase"]

1. Nf3 Nf6 2. g3 b5 3. Na3 a6 4. c4 c6 5. Bg2 e6 6. b3 d5 7. O-O Bd6 8. Bb2 Nbd7 9. Nc2 Bb7 10. Ne3 O-O 11. cxd5 cxd5 12. Rc1 Qe7 13. Rc2 Rfc8 14. Rxc8+ 1/2-1/2

[Event "HUN"]
[Site "HUN"]
[Date "1985.??.??"]
[Round "?"]
[White "Bilek, Istvan"]
[Black "Portisch, Lajos"]
[Result "1-0"]
[WhiteElo "2400"]
[BlackElo "2635"]
[PlyCount "81"]
[EventDate "1985.??.??"]
[Source "www.chesslib.no"]
[SourceDate "2004.05.04"]

1. Nf3 Nf6 2. g3 b5 3. Bg2 Bb7 4. d3 e6 5. O-O Be7 6. e4 O-O 7. Nd4 a6 8. Nb3 Nc6 9. e5 Nd5 10. Re1 d6 11. d4 a5 12. exd6 cxd6 13. a4 b4 14. c4 bxc3 15. bxc3 Nb6 16. N1d2 Qc7 17. Qh5 Nd7 18. Ne4 Rab8 19. Bf4 e5 20. Be3 Nd8 21. dxe5 dxe5 22. Nbd2 f5 23. Bg5 Bxg5 24. Nxg5 h6 25. Ngf3 Nc6 26. Rab1 e4 27. Nh4 Ne7 28. Bh3 Qc5 29. Nb3 Qxc3 30. Nxf5 Nxf5 31. Bxf5 Nf6 32. Be6+ Kh8 33. Qxa5 Qc6 34. Nd4 Qd6 35. Qb6 Qe5 36. Rb5 Bd5 37. Qc5 Rbd8 38. Bxd5 Ng4 39. Rxe4 Qh5 40. Rxg4 Qxg4 41. Nc6 1-0